250 questions for the MRCPCH Part 2 (Record no. 757)

MARC details
000 -LEADER
fixed length control field 00889cam a22003254a 4500
001 - CONTROL NUMBER
control field 14010826
003 - CONTROL NUMBER IDENTIFIER
control field OSt
005 - DATE AND TIME OF LATEST TRANSACTION
control field 20161102141041.0
008 - FIXED-LENGTH DATA ELEMENTS--GENERAL INFORMATION
fixed length control field 050621s2006 stka 001 0 eng
010 ## - LIBRARY OF CONGRESS CONTROL NUMBER
LC control number 2005049670
015 ## - NATIONAL BIBLIOGRAPHY NUMBER
National bibliography number GBA601399
Source bnb
016 7# - NATIONAL BIBLIOGRAPHIC AGENCY CONTROL NUMBER
Record control number 013348485
Source Uk
020 ## - INTERNATIONAL STANDARD BOOK NUMBER
International Standard Book Number 044310199X
035 ## - SYSTEM CONTROL NUMBER
System control number (OCoLC)ocm60835555
040 ## - CATALOGING SOURCE
Original cataloging agency DNLM/DLC
Transcribing agency DLC
Modifying agency UKM
-- BWKUK
-- DLC
042 ## - AUTHENTICATION CODE
Authentication code pcc
050 10 - LIBRARY OF CONGRESS CALL NUMBER
Classification number RJ48.2
Item number .R63 2006
060 10 - NATIONAL LIBRARY OF MEDICINE CALL NUMBER
Classification number WS 18.2
Item number R651z 2006
082 00 - DEWEY DECIMAL CLASSIFICATION NUMBER
Classification number W 100 R54q 2006
Edition number 22
100 1# - MAIN ENTRY--PERSONAL NAME
Personal name Robertson, J. L.; A.P. Hughes.
9 (RLIN) 2017
245 10 - TITLE STATEMENT
Title 250 questions for the MRCPCH Part 2
250 ## - EDITION STATEMENT
Edition statement 2nd ed.
260 ## - PUBLICATION, DISTRIBUTION, ETC. (IMPRINT)
Place of publication, distribution, etc. Edinburgh ;
Name of publisher, distributor, etc. Elsevier
Date of publication, distribution, etc. 2006.
300 ## - PHYSICAL DESCRIPTION
Extent ix, 237 p. :
Other physical details ill. ;
Dimensions 24 cm.
500 ## - GENERAL NOTE
General note Includes index.
650 #0 - SUBJECT ADDED ENTRY--TOPICAL TERM
Topical term or geographic name as entry element Pediatrics
9 (RLIN) 2018
650 #2 - SUBJECT ADDED ENTRY--TOPICAL TERM
Topical term or geographic name as entry element MCQs
9 (RLIN) 2019
906 ## - LOCAL DATA ELEMENT F, LDF (RLIN)
a 7
b cbc
c orignew
d 1
e ocip
f 20
g y-gencatlg
942 ## - ADDED ENTRY ELEMENTS (KOHA)
Source of classification or shelving scheme Other/Generic Classification Scheme
Koha item type Short Loan
Holdings
Withdrawn status Lost status Source of classification or shelving scheme Damaged status Not for loan Home library Current library Date acquired Source of acquisition Inventory number Total Checkouts Full call number Barcode Date last seen Koha item type
    Other/Generic Classification Scheme     MUST Main Library MUST Main Library 18/11/2014   10/32087   WS18 R54q 2006 2014-3376 18/11/2014 Short Loan